[Event "IECG QF.2002.0.00015"]
[Site "IECG email"]
[Date "2002.03.26"]
[Round "?"]
[White "Nevzorov, Aleksandr"]
[Black "Schoenbach, Patrick"]
[Result "0-1"]
[WhiteElo "1000"]
[BlackElo "1000"]
[PlyCount "40"]
[EventDate "2002.03.26"]
[EventType "tourn (corr)"]
[EventRounds "6"]
[SourceTitle "Corr 2008"]
[Source "ChessBase"]
[SourceDate "2008.06.24"]
[SourceVersion "1"]
[SourceVersionDate "2008.06.24"]
[SourceQuality "1"]

1. d4 Nf6 2. Nc3 g6 3. Bf4 Bg7 4. Nb5 d6 5. e3 Nc6 6. a3 0-0 7. Bc4 a6 8. Nc3 b5 9. Bd3 e5 10. Bg5 exd4 11. Ne4 dxe3 12. Nxf6+ Bxf6 13. Bh6 Bxb2 14. Bxf8 Qh4 15. g3 Qf6 16. f4 Bxa1 17. Bh6 Qc3+ 18. Kf1 Nd4 19. Ne2 Bh3+ 20. Kg1 Nf3# 0-1

[Event "IECG QF.2001.0.00010"]
[Site "IECG email"]
[Date "2001.12.30"]
[Round "?"]
[White "Nevzorov, Aleksandr"]
[Black "Marcus, Frank"]
[Result "0-1"]
[WhiteElo "1000"]
[BlackElo "1160"]
[PlyCount "35"]
[EventDate "2001.12.30"]
[EventType "tourn (corr)"]
[EventRounds "6"]
[SourceTitle "Corr 2008"]
[Source "ChessBase"]
[SourceDate "2008.06.24"]
[SourceVersion "1"]
[SourceVersionDate "2008.06.24"]
[SourceQuality "1"]

1. e4 Nc6 2. Nf3 e5 3. Bc4 h6 4. d4 exd4 5. Nxd4 Qf6 6. Nxc6 Bc5 7. Be3 Bxe3 8. fxe3 dxc6 9. Na3 b5 10. Bb3 Qxb2 11. Bxf7+ Kxf7 12. Qc1 Qc3+ 13. Kf2 Nf6 14. Rb1 Rd8 15. Rb3 Nxe4+ 16. Kf3 Nd2+ 17. Kf4 Qf6+ 18. Kg3 0-1